=LDR 00000nam 2200000 4500 =001 INLIS000000000810031 =005 20251007100413 =035 ##$$a 0010-1025000014 =100 ##$$a Suwarman Partosuwiryo$e Pengarang =245 1#$$a Pukat cincin /$c Suwarman Partosuwiryo =250 ##$$a Cet. 1 =264 ##$$a Yogyakarta : :$b Citra Aji Parama,,$c 2008 =300 ##$$a iv, 60 halaman : $b ilustrasi ; $c 22 cm. =336 ##$$a teks$2 rdacontent =337 ##$$a tanpa perantara$2 rdamedia =338 ##$$a volume$2 rdacarrier =504 ##$$a Bibliografi : hlm. 60 =850 ##$$a JKPNPNA =990 ##$$a 007590 =006 aa g | 000 0 =007 ta =008 251007################|##########0#ind## =020 ##$$a 978-979-1464-89-5 =040 ##$$a JKPNPNA $b ind =082 ##$$a 639.402 84 =084 ##$$a 639.402 84 SUW p =090 ##$$a CB-D.11 2008-007590